000 00305nam a22001097a 4500
082 _a355 WOR'D
100 _aWORLEY, MORVIN L
_960321
245 _aA DIGEST OF NEW DEVELOPMENTS IN ARMY WEAPONS TACTICS ORGANIZATION AND EQUIPMENT
260 _aPENNSYLVANIA
_bSTACKPOLE
_c1959
300 _a378P
942 _cBK
999 _c570076
_d570076